| 000 | 00705nam a2200205 i 4500 | ||
|---|---|---|---|
| 001 | 163699 | ||
| 003 | ES-MaACL | ||
| 005 | 20250809062600.0 | ||
| 008 | 990604m18639999gw |||| | ger d | ||
| 100 | 1 |
_aRöder, Karl David August. _9132237 |
|
| 245 | 1 | 0 |
_aGrundzüge des Naturrechts oder der Rechtsfilosofie / _cKarl David August Röder. |
| 250 | _a2 Aufl. umgearb. | ||
| 260 |
_aLeipzig ; Heidelberg : _bC.F. Winter'sche, _c1863. |
||
| 300 |
_a2 v. ; _c24 cm. |
||
| 597 | _aV. I (XXXIV, 283 p.) - v.II ([2], XXII, 578 p.) | ||
| 650 | 7 |
_aDerecho natural _2embne _911744 |
|
| 650 | 4 |
_aDerecho- _xFilosofía _911620 |
|
| 852 |
_aES-MaACL _jG-2830-31 _z- Enc. hol. |
||
| 999 |
_c163699 _d163699 |
||